[Event "GER-chT Seniors 15th"]
[Site "Bad Blankenburg"]
[Date "2006.09.05"]
[Round "3.3"]
[White "Oechslein, Rainer"]
[Black "Holfelder, Hans Joachim"]
[Result "1/2-1/2"]
[WhiteElo "2235"]
[BlackElo "2220"]
[PlyCount "43"]
[EventDate "2006.09.03"]
[EventType "team-swiss"]
[EventRounds "7"]
[EventCountry "GER"]
[SourceTitle "CBM 114 Extra"]
[Source "ChessBase"]
[SourceDate "2006.11.03"]
[SourceVersion "1"]
[SourceVersionDate "2006.11.03"]
[SourceQuality "1"]

1. e4 c5 2. c3 Nf6 3. e5 Nd5 4. d4 cxd4 5. cxd4 d6 6. Nf3 Nc6 7. Bc4 Nb6 8. Bb3 d5 9. h3 Bf5 10. Nc3 e6 11. 0-0 Be7 12. Be3 0-0 13. Rc1 Na5 14. Bc2 Bxc2 15. Rxc2 Rc8 16. b3 Nc6 17. Qe2 Nb4 18. Rcc1 Qd7 19. Bg5 a6 20. Bxe7 Qxe7 21. Nb1 h6 22. Qd1 1/2-1/2

[Event "GER-chT Seniors 15th"]
[Site "Bad Blankenburg"]
[Date "2006.09.03"]
[Round "1.3"]
[White "Koksch, Guenther"]
[Black "Holfelder, Hans Joachim"]
[Result "1-0"]
[WhiteElo "2144"]
[BlackElo "2220"]
[PlyCount "41"]
[EventDate "2006.09.03"]
[EventType "team-swiss"]
[EventRounds "7"]
[EventCountry "GER"]
[SourceTitle "CBM 114 Extra"]
[Source "ChessBase"]
[SourceDate "2006.11.03"]
[SourceVersion "1"]
[SourceVersionDate "2006.11.03"]
[SourceQuality "1"]

1. d4 Nf6 2. Nc3 d5 3. Bg5 e6 4. e4 dxe4 5. Nxe4 Be7 6. Bxf6 Bxf6 7. c3 0-0 8. f4 b6 9. Qf3 c6 10. Bd3 Be7 11. Ne2 Bb7 12. Qh3 f5 13. Nd2 c5 14. Rg1 cxd4 15. Nxd4 Bc5 16. N2b3 Rf6 17. 0-0-0 Qc7 18. Nxe6 Rxe6 19. Qxf5 Be3+ 20. Kb1 Rh6 21. Bc4+ 1-0

[Event "Oberliga Ost-B 0506"]
[Site "Germany"]
[Date "2006.01.28"]
[Round "6.4"]
[White "Ochs, Holger"]
[Black "Holfelder, Hans Joachim"]
[Result "1/2-1/2"]
[WhiteElo "2225"]
[BlackElo "2238"]
[PlyCount "48"]
[EventDate "2005.11.13"]
[EventType "team-tourn"]
[EventRounds "11"]
[EventCountry "GER"]
[SourceTitle "EXT 2007"]
[Source "ChessBase"]
[SourceDate "2006.11.23"]
[SourceVersion "1"]
[SourceVersionDate "2006.11.23"]
[SourceQuality "1"]
[WhiteTeam "Frankfurt BvK"]
[BlackTeam "Wiesbaden"]
[WhiteTeamCountry "GER"]
[BlackTeamCountry "GER"]

1. d4 Nf6 2. Bg5 Ne4 3. Bf4 d5 4. e3 Bf5 5. f3 Nd6 6. Nd2 e6 7. c4 dxc4 8. e4 Bg6 9. Bxc4 Nd7 10. Ne2 Be7 11. 0-0 0-0 12. Rc1 Nxc4 13. Nxc4 c5 14. dxc5 Nxc5 15. Rc2 Qxd1 16. Rxd1 Rfd8 17. Rcd2 Rxd2 18. Rxd2 Rd8 19. Rxd8+ Bxd8 20. Be3 Be7 21. Nf4 b6 22. Kf1 f6 23. Nxg6 hxg6 24. Ke2 Kf7 1/2-1/2

[Event "GER-chT Seniors 14th"]
[Site "Sottrum"]
[Date "2005.09.22"]
[Round "5"]
[White "Lainburg, Victor"]
[Black "Holfelder, Hans Joachim"]
[Result "1/2-1/2"]
[WhiteElo "2167"]
[BlackElo "2238"]
[PlyCount "23"]
[EventDate "2005.09.18"]
[EventType "team-swiss"]
[EventRounds "7"]
[EventCountry "GER"]
[SourceTitle "CBM 108 Extra"]
[Source "ChessBase"]
[SourceDate "2005.11.04"]
[SourceVersion "1"]
[SourceVersionDate "2005.11.04"]
[SourceQuality "1"]

1. Nf3 c5 2. b3 Nf6 3. Bb2 g6 4. e3 Bg7 5. c4 Nc6 6. Be2 0-0 7. 0-0 b6 8. d4 cxd4 9. Nxd4 Nxd4 10. Bxd4 Bb7 11. Bf3 Bxf3 12. Qxf3 1/2-1/2

[Event "GER-chT Seniors 14th"]
[Site "Sottrum"]
[Date "2005.09.21"]
[Round "4"]
[White "Holfelder, Hans Joachim"]
[Black "Wiesner, Werner"]
[Result "1-0"]
[WhiteElo "2238"]
[BlackElo "2139"]
[PlyCount "105"]
[EventDate "2005.09.18"]
[EventType "team-swiss"]
[EventRounds "7"]
[EventCountry "GER"]
[SourceTitle "CBM 108 Extra"]
[Source "ChessBase"]
[SourceDate "2005.11.04"]
[SourceVersion "1"]
[SourceVersionDate "2005.11.04"]
[SourceQuality "1"]

1. c4 e6 2. Nf3 Nf6 3. g3 c6 4. Bg2 d5 5. b3 Nbd7 6. Bb2 Bd6 7. 0-0 0-0 8. Nc3 b6 9. cxd5 exd5 10. Nd4 Nb8 11. Qc2 Re8 12. e3 Bc5 13. Na4 Bxd4 14. Bxd4 Bb7 15. b4 Qd6 16. a3 Nbd7 17. Rac1 Rac8 18. Qf5 Qe6 19. Qf4 Ne5 20. Bxe5 Qxe5 21. Qxe5 Rxe5 22. d4 Re7 23. Rfd1 Ne4 24. Bxe4 Rxe4 25. Rc3 Ba6 26. Nb2 Kf8 27. Rdc1 Re6 28. a4 Ke7 29. b5 Bb7 30. Nd3 Rd6 31. Nb4 Kd7 32. h4 cxb5 33. Rxc8 Bxc8 34. axb5 Bb7 35. Rd1 a5 36. bxa6 Ba8 37. Rc1 Re6 38. Kf1 Re8 39. Ke2 Rc8 40. Rxc8 Kxc8 41. Kd3 Kc7 42. Kc3 b5 43. Nd3 Kb6 44. Nc5 Ka5 45. Kb3 Bc6 46. Kc3 Ba8 47. a7 Kb6 48. Kb4 Bc6 49. Nd3 Kxa7 50. Kc5 Be8 51. Nb4 Bd7 52. Kd6 Be6 53. Kc6 1-0

[Event "EU-ch Seniors 05th"]
[Site "Bad Homburg"]
[Date "2005.??.??"]
[Round "9"]
[White "Serra Olives, Tomas"]
[Black "Holfelder, Hans Joachim"]
[Result "1/2-1/2"]
[WhiteElo "2139"]
[BlackElo "2250"]
[PlyCount "90"]
[EventDate "2005.06.25"]
[EventType "swiss"]
[EventRounds "9"]
[EventCountry "GER"]
[SourceTitle "EXT 2006"]
[Source "ChessBase"]
[SourceDate "2005.11.24"]
[SourceVersion "1"]
[SourceVersionDate "2005.11.24"]
[SourceQuality "1"]

1. e4 c5 2. Nf3 Nc6 3. d4 cxd4 4. Nxd4 g6 5. Nc3 Bg7 6. Be3 Nf6 7. Bc4 0-0 8. Bb3 a5 9. f3 a4 10. Nxa4 d5 11. Nxc6 bxc6 12. Nb6 Rb8 13. Nxc8 Rxc8 14. e5 Nd7 15. f4 e6 16. c4 f6 17. cxd5 cxd5 18. exf6 Bxf6 19. 0-0 Bxb2 20. Rb1 Bg7 21. Qg4 Qe7 22. Rbe1 Nf6 23. Qd1 Ne4 24. Bd4 Bxd4+ 25. Qxd4 Qc5 26. Rxe4 dxe4 27. Bxe6+ Rf7 28. Qxc5 Rxc5 29. a4 Kg7 30. Bxf7 Kxf7 31. Ra1 Ra5 32. Kf2 Kf6 33. g4 g5 34. f5 Ke5 35. Ke3 Rd5 36. a5 Rd3+ 37. Ke2 Rh3 38. Rf1 Ra3 39. f6 Ra2+ 40. Ke3 Ra3+ 41. Kd2 e3+ 42. Ke2 Ke4 43. Rf5 Ra2+ 44. Kf1 Ra1+ 45. Ke2 Ra2+ 1/2-1/2

[Event "Oberliga Ost-B 0405"]
[Site "Germany"]
[Date "2004.10.10"]
[Round "1.4"]
[White "Holfelder, Hans Joachim"]
[Black "Alber, Horst"]
[Result "1/2-1/2"]
[WhiteElo "2253"]
[BlackElo "2387"]
[PlyCount "141"]
[EventDate "2004.10.10"]
[EventType "team-tourn"]
[EventRounds "11"]
[EventCountry "GER"]
[SourceTitle "EXT 2006"]
[Source "ChessBase"]
[SourceDate "2005.11.24"]
[SourceVersion "1"]
[SourceVersionDate "2005.11.24"]
[SourceQuality "1"]
[WhiteTeam "Wiesbaden"]
[BlackTeam "Schoeneck"]
[WhiteTeamCountry "GER"]
[BlackTeamCountry "GER"]

1. d4 Nf6 2. c4 g6 3. Nc3 Bg7 4. e4 d6 5. f4 0-0 6. Be2 c5 7. d5 b5 8. cxb5 a6 9. Nf3 axb5 10. Bxb5 Nxe4 11. Nxe4 Qa5+ 12. Nc3 Bxc3+ 13. bxc3 Qxb5 14. Kf2 Qc4 15. Re1 Re8 16. a4 Na6 17. Ng5 Nc7 18. a5 Qxd5 19. Qxd5 Nxd5 20. Bd2 Ba6 21. Reb1 Ra7 22. Ra3 Bd3 23. Rba1 Rb8 24. Nf3 f5 25. Ne1 Bc4 26. Nf3 Rb2 27. Ra4 Bb3 28. R4a3 e5 29. fxe5 dxe5 30. Kg1 c4 31. Bc1 Re2 32. Kf1 Nxc3 33. Bd2 e4 34. Bxc3 exf3 35. gxf3 Rxh2 36. a6 Kf7 37. Bd4 Ra8 38. a7 Ke6 39. Ra5 Rd2 40. Be3 c3 41. Rc5 Rd1+ 42. Rxd1 Bxd1 43. Rxc3 Bxf3 44. Bf4 Rxa7 45. Rxf3 Ra4 46. Bd2 Ke5 47. Re3+ Re4 48. Rh3 h5 49. Rg3 Rg4 50. Kf2 f4 51. Rxg4 hxg4 52. Ba5 Ke4 53. Bb6 Kf5 54. Kg2 Kg5 55. Bd8+ Kh5 56. Ba5 Kh4 57. Bc7 g5 58. Bd8 g3 59. Bc7 Kg4 60. Bd6 f3+ 61. Kg1 Kh3 62. Bc7 g4 63. Bd6 g2 64. Be5 Kh4 65. Bg3+ Kg5 66. Kf2 Kf5 67. Bc7 Ke4 68. Bd6 Kd3 69. Bh2 Kd2 70. Bf4+ Kd3 71. Bh2 1/2-1/2

[Event "Oberliga Ost-B 0304"]
[Site "Germany"]
[Date "2004.02.15"]
[Round "7.2"]
[White "Solonar, Stefan"]
[Black "Holfelder, Hans Joachim"]
[Result "1-0"]
[WhiteElo "2385"]
[BlackElo "2281"]
[PlyCount "63"]
[EventDate "2003.11.02"]
[EventType "team-tourn"]
[EventRounds "11"]
[EventCountry "GER"]
[SourceTitle "EXT 2005"]
[Source "ChessBase"]
[SourceDate "2004.11.15"]
[SourceVersion "1"]
[SourceVersionDate "2004.11.15"]
[SourceQuality "1"]
[WhiteTeam "Offenbach"]
[BlackTeam "Wiesbaden"]
[WhiteTeamCountry "GER"]
[BlackTeamCountry "GER"]

1. Nf3 c5 2. c4 Nf6 3. Nc3 d5 4. cxd5 Nxd5 5. d4 Nxc3 6. bxc3 e6 7. e4 cxd4 8. cxd4 Bb4+ 9. Bd2 Qa5 10. Rb1 Bxd2+ 11. Qxd2 Qxd2+ 12. Kxd2 Ke7 13. Bd3 Rd8 14. Rhc1 Nc6 15. Ke3 f6 16. Rc5 Kd6 17. e5+ fxe5 18. dxe5+ Ke7 19. Bxh7 Rd5 20. Rxd5 exd5 21. Rb5 b6 22. Rxd5 Be6 23. Rd2 Nb4 24. Be4 Rc8 25. Nd4 Bxa2 26. Nf5+ Ke6 27. Rd6+ Kf7 28. Rd7+ Kf8 29. Rxa7 Rc3+ 30. Kd2 Rc5 31. Ra4 Rc4 32. Ra8+ 1-0

[Event "Oberliga Ost-B 0203"]
[Site "Germany"]
[Date "2003.03.29"]
[Round "10.2"]
[White "Holfelder, Hans Joachim"]
[Black "Kunin, Vitaly L"]
[Result "0-1"]
[WhiteElo "2270"]
[BlackElo "2459"]
[PlyCount "104"]
[EventDate "2002.10.20"]
[EventType "team"]
[EventRounds "11"]
[EventCountry "GER"]
[SourceTitle "EXT 2004"]
[Source "ChessBase"]
[SourceDate "2003.11.25"]
[SourceVersion "1"]
[SourceVersionDate "2003.11.25"]
[SourceQuality "1"]
[WhiteTeam "Wiesbaden"]
[BlackTeam "Moerlenbach"]
[WhiteTeamCountry "GER"]
[BlackTeamCountry "GER"]

1. c4 b6 2. Nc3 Bb7 3. e4 e6 4. d4 Bb4 5. Qc2 Qh4 6. Bd3 f5 7. g3 Qe7 8. f3 c5 9. a3 Bxc3+ 10. bxc3 fxe4 11. fxe4 cxd4 12. cxd4 e5 13. Nf3 d6 14. c5 bxc5 15. dxc5 dxc5 16. Bg5 Nf6 17. Rb1 Bc6 18. Nh4 0-0 19. Nf5 Qd8 20. 0-0 Nbd7 21. Qc4+ Kh8 22. Qe6 Rc8 23. Nd6 Rc7 24. Nf7+ Rxf7 25. Qxf7 h6 26. Bxf6 Nxf6 27. Qc4 Be8 28. Be2 Bf7 29. Qc3 Qe7 30. Rb8+ Kh7 31. Bc4 Bxc4 32. Qxc4 Rd7 33. Rc8 Rd2 34. Qxc5 Qe6 35. Qe3 Rb2 36. Rc7 Qh3 37. Rf2 Rb1+ 38. Rc1 Ng4 39. Rxb1 Nxe3 40. Rb7 a5 41. Ra7 Ng4 42. Rff7 Qxh2+ 43. Kf1 Ne3+ 44. Ke1 Qxg3+ 45. Ke2 Nc4 46. Rfc7 Qe3+ 47. Kf1 Nd2+ 48. Kg2 Qxe4+ 49. Kf2 Qg4 50. Rxa5 Ne4+ 51. Ke3 Qg3+ 52. Kxe4 Qe1+ 0-1

[Event "Oberliga Ost-B 0203"]
[Site "Germany"]
[Date "2003.02.23"]
[Round "8.2"]
[White "Holfelder, Hans Joachim"]
[Black "Cordes, Hans Joerg"]
[Result "1/2-1/2"]
[WhiteElo "2270"]
[BlackElo "2291"]
[PlyCount "61"]
[EventDate "2002.10.20"]
[EventType "team"]
[EventRounds "11"]
[EventCountry "GER"]
[SourceTitle "EXT 2004"]
[Source "ChessBase"]
[SourceDate "2003.11.25"]
[SourceVersion "1"]
[SourceVersionDate "2003.11.25"]
[SourceQuality "1"]
[WhiteTeam "Wiesbaden"]
[BlackTeam "Offenbach"]
[WhiteTeamCountry "GER"]
[BlackTeamCountry "GER"]

1. c4 e6 2. Nf3 d5 3. b3 c5 4. g3 Nc6 5. Bg2 Nf6 6. 0-0 Be7 7. cxd5 exd5 8. d4 0-0 9. Bb2 Ne4 10. dxc5 Bxc5 11. e3 Bg4 12. h3 Be6 13. Nc3 Qe7 14. Qe2 a6 15. Rfd1 Rad8 16. Nxe4 dxe4 17. Nd4 Bxd4 18. Bxd4 Nxd4 19. Rxd4 Rxd4 20. exd4 f5 21. Rd1 Bd5 22. Qe3 Qa3 23. Qd2 f4 24. gxf4 Qd6 25. Rc1 Rxf4 26. Rc8+ Kf7 27. Rd8 Qxd8 28. Qxf4+ Qf6 29. Qc7+ Kg6 30. Qg3+ Kf7 31. Qc7+ 1/2-1/2

[Event "Oberliga Ost-B 0203"]
[Site "Germany"]
[Date "2003.02.09"]
[Round "7.2"]
[White "Eckhardt, Thorsten"]
[Black "Holfelder, Hans Joachim"]
[Result "1/2-1/2"]
[WhiteElo "2209"]
[BlackElo "2270"]
[PlyCount "49"]
[EventDate "2002.10.20"]
[EventType "team"]
[EventRounds "11"]
[EventCountry "GER"]
[SourceTitle "EXT 2004"]
[Source "ChessBase"]
[SourceDate "2003.11.25"]
[SourceVersion "1"]
[SourceVersionDate "2003.11.25"]
[SourceQuality "1"]
[WhiteTeam "Wetzlar"]
[BlackTeam "Wiesbaden"]
[WhiteTeamCountry "GER"]
[BlackTeamCountry "GER"]

1. d4 Nf6 2. Nf3 e6 3. e3 b6 4. Nbd2 Bb7 5. Bd3 c5 6. 0-0 Be7 7. c3 d5 8. Ne5 0-0 9. f4 Ne4 10. Qh5 g6 11. Qh6 Bf6 12. Ndf3 Bg7 13. Qh3 Qe7 14. Bd2 f6 15. Ng4 Nxd2 16. Nxd2 f5 17. Ne5 Nd7 18. Nxd7 Qxd7 19. Nf3 Bf6 20. g4 Bc6 21. Rf2 Bb5 22. Bc2 Ba4 23. Bd3 Bb5 24. Bc2 Ba4 25. Bd3 1/2-1/2

[Event "Oberliga Ost-B 0203"]
[Site "Germany"]
[Date "2002.12.15"]
[Round "4.2"]
[White "Holfelder, Hans Joachim"]
[Black "Haensel, Thomas"]
[Result "1-0"]
[WhiteElo "2270"]
[BlackElo "2324"]
[PlyCount "53"]
[EventDate "2002.10.20"]
[EventType "team"]
[EventRounds "11"]
[EventCountry "GER"]
[SourceTitle "EXT 2004"]
[Source "ChessBase"]
[SourceDate "2003.11.25"]
[SourceVersion "1"]
[SourceVersionDate "2003.11.25"]
[SourceQuality "1"]
[WhiteTeam "Wiesbaden"]
[BlackTeam "Erfurt Empor"]
[WhiteTeamCountry "GER"]
[BlackTeamCountry "GER"]

1. c4 Nf6 2. Nc3 g6 3. e4 d6 4. d4 Bg7 5. f4 0-0 6. Be2 c5 7. Nf3 Qa5 8. Bd2 cxd4 9. Nxd4 Nc6 10. Nc2 Bd7 11. 0-0 a6 12. Kh1 Rab8 13. b4 Qd8 14. Rc1 b5 15. cxb5 axb5 16. Bxb5 Nxe4 17. Nxe4 Rxb5 18. a4 Rb8 19. b5 Na5 20. Ne3 Be6 21. f5 Bb3 22. Bxa5 Bxd1 23. Bxd8 Bxa4 24. Bxe7 Rfe8 25. Nd5 Bxb5 26. Ndf6+ Bxf6 27. Nxf6+ 1-0

[Event "Hessen-ch Seniors"]
[Site "Bruchkoebel"]
[Date "2002.03.30"]
[Round "9"]
[White "Holfelder, Hans Joachim"]
[Black "Biller, Helmut"]
[Result "1/2-1/2"]
[WhiteElo "2263"]
[BlackElo "2055"]
[PlyCount "81"]
[EventDate "2002.03.22"]
[EventType "swiss"]
[EventRounds "9"]
[EventCountry "GER"]
[SourceTitle "EXT 2003"]
[Source "ChessBase"]
[SourceDate "2002.11.25"]
[SourceVersion "1"]
[SourceVersionDate "2002.11.25"]
[SourceQuality "1"]

1. c4 c5 2. Nf3 g6 3. d4 Bg7 4. Nc3 Nf6 5. e4 0-0 6. Be2 d6 7. 0-0 Bg4 8. dxc5 dxc5 9. e5 Nfd7 10. h3 Bf5 11. Qb3 Qc8 12. Bf4 Nc6 13. Nd5 e6 14. Nf6+ Nxf6 15. exf6 Bxf6 16. Bd6 Be7 17. Bxe7 Nxe7 18. Qe3 Qc6 19. Ne5 Qe4 20. Qxe4 Bxe4 21. Nd7 Bc6 22. Nxf8 Kxf8 23. g4 e5 24. Rfd1 f6 25. a3 g5 26. b4 Ng6 27. Kh2 Nf4 28. Bf1 Ke7 29. b5 Bf3 30. Rd2 h5 31. Kg3 e4 32. a4 hxg4 33. hxg4 Rh8 34. Ra3 Rh1 35. Rxf3 exf3 36. Rd1 Rg1+ 37. Kxf3 b6 38. Re1+ Kd6 39. Ke4 Ke6 40. Kf3+ Kd6 41. Ke4 1/2-1/2